000 00968nam a2200253Ia 4500
003 OSt
005 20221005110532.0
006 a|||||r|||| 00| 0
007 ta
008 221004b |||||||| |||| 00| 0 hin d
020 _a8177140760 (hbk)
_c250
024 _a100258
037 _b423, 25/03/2010, Swaraj Prakashan
_cTextual
040 _aCRL
_cCRL
_bhin
041 _2hin
_ahin
082 _aO152,1I00:g, P2
100 _aवंशी, बलदेव, संपा.
245 0 _aपूरा कबीर
_b संत कवि कबीर पर पूरी किताब
246 _aPūrā kabīra: santa kavi kabīr par pūrī kitāba
260 _aनई दिल्ली
_bप्रकाशन संस्थान भारत
_c2002
300 _a263पृ0
_ccm.
942 _hO152,1I00:g, P2
_cTEXL
_2cc
999 _c1019116
_d1019116